Fitting equations to data : computer analysis of multifactor data for scientists and engineers /

Guardado en:
Autor Principal: Daniel, Cuthbert.
Otros Autores: Wood, Fred S.
Formato: Libro
Idioma:English
Publicado: New York : Wiley-Interscience, [1971].
Etiquetas: Agregar Etiqueta
Sin Etiquetas, Sea el primero en etiquetar este registro!
LEADER 00773cam a2200205 a 4500
001 MAT.inmabb002590
008 710510s1971####nyua#####b####001#0#eng##
005 20160107203807.0
245 1 0 |a Fitting equations to data :  |b computer analysis of multifactor data for scientists and engineers /  |c [by] Cuthbert Daniel [and] Fred S. Wood, with the assistance of John W. Gorman. 
260 |a New York :  |b Wiley-Interscience,  |c [1971]. 
300 |a xiv, 342 p. :  |b il. ;  |c 24 cm. 
504 |a Bibliografía: p. 335-337. 
020 |a 0471194603 
100 1 |a Daniel, Cuthbert. 
700 1 |a Wood, Fred S. 
084 |a 62-07 (62-09)  |2 msc2000 
010 |a  79130429  
040 |a DLC  |c DLC  |d DLC 
859 |h 62  |i D184  |p A-4220  |b BIB. MATEMATICA 
859 |h 62  |i D184  |p A-8256  |t Ej. 2  |b BIB. MATEMATICA